International Journal of Business Research

Bibliographic Details
Format: eBook
Language:English
Published: Los Angeles: International Academy of Business and Public Administration Disciplines, 2010 -
Subjects:
Online Access:Acceso restringido

MARC

LEADER 00000nam a22000007a 4500
005 20191016215033.0
007 cr|||| ||||
008 191016c20109999us zn|w s|||| 0|||b1eng d
022 |a 2327-0845 
035 |a 5456 
040 |a vLex 
090 |c 9856  |d 9856 
245 0 0 |a International Journal of Business Research  |h [Recurso electrn̤ico] / 
256 |a Servicio en ln̕ea 
260 |a Los Angeles:  |b International Academy of Business and Public Administration Disciplines,  |c 2010 - 
300 |a 1 recurso electrn̤ico 
310 |a Irregular 
506 1 |a Disponible solo en los productos indicados  |d vLex Global  |d vLex Global (Academic Edition, excluding Law Schools)  |d vLex Global (Academic Edition, Law Schools) 
650 0 4 |a Derecho Pb︢lico y Administrativo  |z Estados Unidos 
740 0 |a vLex Revistas (Servicio en ln̕ea) 
856 4 0 |u http://vlex.com/source/5456  |z Acceso restringido 
942 |c REV 
999 0 |a Public and Administrative Law